The birth of the clinic (E-BOOK) (Record no. 192723)

000 -LEADER
fixed length control field 00635 a2200217 4500
003 - CONTROL NUMBER IDENTIFIER
control field Nust
005 - DATE AND TIME OF LATEST TRANSACTION
control field 20170207154043.0
020 ## - INTERNATIONAL STANDARD BOOK NUMBER
International Standard Book Number 0-415-03957-6 ;
040 ## - CATALOGING SOURCE
Transcribing agency Nust
082 ## - DEWEY DECIMAL CLASSIFICATION NUMBER
Classification number 610.9
100 1# - MAIN ENTRY--PERSONAL NAME
Personal name Foucault, Michel,
245 04 - TITLE STATEMENT
Title The birth of the clinic (E-BOOK)
Remainder of title an archaeology of medical perception /
Statement of responsibility, etc. Michel Foucault ; translated from the French by A. M. Sheridan
260 ## - PUBLICATION, DISTRIBUTION, ETC.
Place of publication, distribution, etc. London :
Name of publisher, distributor, etc. Routledge,
Date of publication, distribution, etc. 1989
300 ## - PHYSICAL DESCRIPTION
Extent xix, 215 s.
490 0# - SERIES STATEMENT
Series statement World of man
650 #7 - SUBJECT ADDED ENTRY--TOPICAL TERM
Topical term or geographic name entry element Medicin
General subdivision Historia
650 #7 - SUBJECT ADDED ENTRY--TOPICAL TERM
Topical term or geographic name entry element Medicin
General subdivision Historia
650 #7 - SUBJECT ADDED ENTRY--TOPICAL TERM
Topical term or geographic name entry element medicine
650 #7 - SUBJECT ADDED ENTRY--TOPICAL TERM
Topical term or geographic name entry element Medicine
General subdivision History
651 ## - SUBJECT ADDED ENTRY--GEOGRAPHIC NAME
Geographic name The birth of the clinic (E-BOOK)
942 ## - ADDED ENTRY ELEMENTS (KOHA)
Source of classification or shelving scheme
Koha item type Book
Holdings
Withdrawn status Lost status Source of classification or shelving scheme Damaged status Not for loan Collection code Permanent Location Current Location Date acquired Total Checkouts Full call number Barcode Date last seen Price effective from Koha item type
            Military College of Signals (MCS) Military College of Signals (MCS) 12/12/2016   610.09.FOU MCSEB-2353 12/08/2016 12/12/2016 Book
© 2023 Central Library, National University of Sciences and Technology. All Rights Reserved.